| 000 | 00864nas a2200289 4500 | ||
|---|---|---|---|
| 001 | BR2015004440 | ||
| 003 | BR-BrBNA | ||
| 005 | 20231205125611.0 | ||
| 007 | ta | ||
| 008 | 230509b bl.|||p| |||| 00| 00por d | ||
| 040 |
_aBR-BrBNA _bpor _cBiblioteca Nacional de Agricultura |
||
| 041 | _a(Pt) | ||
| 072 | _aL20 | ||
| 100 | 1 | _aTelles, L.F. | |
| 100 | 1 | _aMelo, M.M. | |
| 100 | 1 | _aVilela, D.A. da R. | |
| 100 | 1 | _aLago, L.A. | |
| 100 | 1 | _aSilva, M.X. | |
| 100 | 1 | _aMartins, N.R. da S. | |
| 245 | 1 | _aArrancamento de penas psicogênico em maritacas: haloperidol e enriquecimento ambiental | |
| 650 | _aAVE SELVAGEM | ||
| 650 | _aCOMPORTAMENTO ANIMAL | ||
| 650 | _aBEM ESTAR | ||
| 773 | 0 |
_tCiência Rural (Brazil) _xISSN 0103-8478 _g(Jun 2015), v. 45(6) p. 1099-1106 _wBR2015004440 |
|
| 909 |
_a202311 _bLúcia _c55 _dLúcia Elande |
||
| 942 |
_2AGRIS _n0 _cANA |
||
| 999 |
_c245121 _d245121 |
||